Girl Groups By Song - Statistics

General Stats
  • This quiz has been taken 74 times
  • The average score is 7 of 20
Answer Stats
Hint Answer % Correct
Wannabe; Stop!; Goodbye Spice Girls
75%
Say My Name; Bootylicious; Survivor Destiny's Child
74%
Waterfalls; No Scrubs; Baby Baby Baby TLC
65%
Buttons; Stickwitu; I Don't Need A Man The Pussycat Dolls
49%
Shutdown; Lovesick Girls; Boombayah Blackpink
47%
Worth It; Work From Home; Sledgehammer Fifth Harmony
47%
Baby Love; Where Did Our Love Go; You Can't Hurry Love The Supremes
46%
Attention; Hype Boy; Super Shy NewJeans
40%
Love Machine; The Promise; Call The Shots Girls Aloud
38%
All The Things She Said; All About Us; Not Gonna Get Us t.A.T.u.
38%
Love In The First Degree; Venus; Cruel Summer Bananarama
37%
Push The Button; About You Now; Overload Sugababes
37%
Never Ever; All Hooked Up; Black Coffee All Saints
29%
Whole Again; Be With You; It's OK Atomic Kitten
29%
Automatic; Slow Hand; Jump (For My Love) The Pointer Sisters
25%
Up; Higher; Disco Love The Saturdays
19%
Just A Step From Heaven; Stay; Power Of A Woman Eternal
15%
Leader Of The Pack; Give Us Your Blessings; Remember (Walking In The Sand) The Shangri-Las
10%
Hold On; You're In Love; Impulsive Wilson Phillips
10%
Trouble; Girl Power; Delicious Shampoo
3%
No matching quizzes found
Score Distribution
Percent of People with Each Score
Percentile by Number Answered
Your Score History
You have not taken this quiz